| 000 | 00930nam a2200277 4500 | ||
|---|---|---|---|
| 001 | 43122 | ||
| 003 | BD-RjUL | ||
| 005 | 20211209053642.0 | ||
| 008 | 160619s1966 nyu b 000 0beng | ||
| 035 | _a(BD-RjUL)43240 | ||
| 040 |
_aDLC _cDLC _dDLC _beng |
||
| 041 | _aeng | ||
| 082 |
_223 _a305 _bCAD 1966 |
||
| 100 | 1 |
_aCarey, Robert Lincoln, _d1898-1962. _9132413 |
|
| 245 | 1 | 0 |
_aDaniel Webster as an economist / _c Robert Lincoln Carey |
| 260 |
_aNew York : _bAMS Press, _c1966. |
||
| 300 |
_a220 p. ; _c23 cm. |
||
| 490 | 1 | _aStudies in history, economics, and public law no. 313 | |
| 500 | _aOriginally presented as the author's thesis, Columbia University, 1929. | ||
| 504 | _aBibliography: p. 213-218. | ||
| 600 | 1 | 0 |
_aWebster, Daniel, _d1782-1852. _9132419 |
| 650 | 0 |
_aEconomics. _9132415 |
|
| 830 | 0 |
_aColumbia studies in the social sciences, _vno. 313. _9132420 |
|
| 942 |
_2ddc _cBK |
||
| 999 |
_c43122 _d43122 |
||